| 000 | 00731nam a2200229 i 4500 | ||
|---|---|---|---|
| 001 | 35271 | ||
| 003 | ES-MaACL | ||
| 005 | 20230906155106.0 | ||
| 007 | t| | ||
| 008 | 030212s1973 xxu ||||1| eng d | ||
| 100 | 1 |
_aBorevich, Z. I. _930448 |
|
| 245 | 1 | 0 |
_aNumber theory / _cby Z. I. Borevich and I. R. Shafarevich ; translated for Scripta Technica. |
| 250 | _a3rd ed. | ||
| 260 |
_aNew York : _bAcademic Press, _c[1973] |
||
| 300 |
_aX, 435 p. ; _c23 cm. |
||
| 490 | 1 |
_aPure and applied mathematics ; _v20 |
|
| 650 | 4 |
_aNúmeros, Teoría de los. _9138233 |
|
| 710 | 2 |
_aScripta Technica. _96518 |
|
| 830 | 0 |
_aPure and applied mathematics ; _v20 _9229533 |
|
| 852 |
_aES-MaACL _jC-56369 _bR.89076 |
||
| 999 |
_c35271 _d35271 |
||